Bentonite as an additive in the composting of wastewater sludge from the poultry agroindustry (Registro n. 299867)
[ somente texto ]
| 000 -LÍDER | |
|---|---|
| fixed length control field | 03446nab a2200301 i 4500 |
| 003 - CÓDIGO MARC DA AGÊNCIA CATALOGADORA | |
| Campo de controle | BR-BrBNA |
| 005 - DATA E HORA DA ÚLTIMA ATUALIZAÇÃO | |
| Campo de controle | 20240603110044.0 |
| 008 - CAMPO DE TAMANHO FIXO | |
| fixed length control field | 240603b2023 bl.ar|pooa||| 00| 0 eng | |
| 040 ## - FONTE DA CATALOGAÇÃO | |
| Agência catalogadora | BR-BrBNA |
| Idioma da catalogação | eng |
| 072 ## - CATEGORIA AGRIS | |
| Código AGRIS | Q70 |
| 100 ## - ENTRADA PRINCIPAL - NOME PESSOAL | |
| Nome pessoal | Lazzari, Alessandro Coelho |
| 100 ## - ENTRADA PRINCIPAL - NOME PESSOAL | |
| Nome pessoal | Corrêa, Juliano Corulli |
| 100 ## - ENTRADA PRINCIPAL - NOME PESSOAL | |
| Nome pessoal | Higarashi, Martha Mayumi |
| 245 ## - TÍTULO PRINCIPAL | |
| Título principal | Bentonite as an additive in the composting of wastewater sludge from the poultry agroindustry |
| 500 ## - NOTA GERAL | |
| Nota geral | Publicação on-line; 27 ref.; 6 illus.; Summaries (En, Pt) |
| 942 ## - ADDED ENTRY ELEMENTS (KOHA) | |
| Koha item type | |
| 520 ## - NOTA DE RESUMO | |
| Nota de conteúdo | <br/><br/>Abstract ‒ The objective of this work was to evaluate the use of bentonite as an additive in the composting of wastewater sludge from the poultry agroindustry regarding nitrogen conservation, carbon degradation, and nutrient content increase. The experimental design was completely randomized with five treatments with bentonite at 0, 0.5, 1.0, 3.0, and 6.0%, with three replicates. The organic compost used in the treatments consisted of pine sawdust and wastewater sludge from the treatment plant. During and after the composting process, the following were analyzed, respectively: pH, dry matter, temperature, and C, N, NH4+, NO2 - , and NO3- contents; and P, K, Ca, Mg, Cu, and Zn contents and humic and fulvic acid concentrations. Bentonite at 6.0% increased C degradation, N losses, Mg content, and humification, but decreased Zn content and humidity. Bentonite, as an additive in the composting of sludge from the poultry agroindustry, promotes humification, decreases Zn content and humidity, but does not affect pH and P, K, Cu, NH4+, NO2-, and NO3- contents.<br/><br/><br/>Index terms: organic fertilizer, sustainability, waste treatment. |
| 520 ## - NOTA DE RESUMO | |
| Nota de conteúdo | <br/><br/>Resumo ‒ O objetivo deste trabalho foi avaliar o uso de bentonita como aditivo na compostagem de lodo de efluente da agroindústria avícola quanto à conservação de nitrogênio, à degradação de carbono e ao aumento no teor de nutrientes. O delineamento experimental foi inteiramente casualizado com cinco tratamentos com bentonita a 0, 0,5, 1,0, 3,0 e 6,0%, com três repetições. A compostagem orgânica utilizada nos tratamentos consistiu de serragem de pinus e lodo da estação de tratamento do efluente. Durante e após o processo de compostagem, foram analisados, respectivamente: pH, matéria seca, temperatura e teores de C, N, NH4+, NO2- e NO3-; e teores de P, K, Ca, Mg, Cu e Zn e concentrações dos ácidos húmico e fúlvico. A bentonita a 6,0% aumentou a degradação de C, as perdas de N, o teor de Mg e a humificação, mas diminuiu o teor de Zn e a umidade. A bentonita, como aditivo na compostagem do lodo da agroindústria avícola, promove a humificação, diminui a concentração de Zn e a umidade, mas não afeta o pH e os teores de P, K, Cu, NH4+, NO2- e NO3-.<br/><br/><br/>Termos para indexação: adubo orgânico, sustentabilidade, tratamento de resíduos. |
| 650 ## - ASSUNTO - THESAGRO | |
| Cabeçalho tópico ou nome geográfico | AVICULTURA |
| 650 ## - ASSUNTO - THESAGRO | |
| Cabeçalho tópico ou nome geográfico | INDÚSTRIA AGRÍCOLA |
| 650 ## - ASSUNTO - THESAGRO | |
| Cabeçalho tópico ou nome geográfico | TRATAMENTO |
| 650 ## - ASSUNTO - THESAGRO | |
| Cabeçalho tópico ou nome geográfico | RESÍDUO |
| 650 ## - ASSUNTO - THESAGRO | |
| Cabeçalho tópico ou nome geográfico | ADUBO ORGÃNICO |
| 650 ## - ASSUNTO - THESAGRO | |
| Cabeçalho tópico ou nome geográfico | SUSTENTABILIDADE |
| 773 0# - ENTRADA ANALÍTICA | |
| Host Biblionumber | 920 |
| Registro do item | 25804 |
| Imprenta | Brasília-DF Empresa Brasileira de Pesquisa Agropecuária - EMBRAPA 1966- |
| Outro identificador | 2023-436359 |
| Título | Pesquisa Agropecuária Brasileira (Brazil) |
| ISSN | 0100-204X |
| Colação | v. 58 p. 1-9; (2023) |
| Número de controle de registro | BR2024001253 |
| 856 ## - ACESSO E ENDEREÇO ELETRÔNICO | |
| Identificador uniforme de recurso - URI | https://www.scielo.br/j/pab/a/Zk7c9wn3Ssjr4wswQbssjkJ/?format=pdf&lang=en |
Nenhum exemplar disponível.

BINAGRI